000 00512pab a2200193 454500
008 180718b2014 xxu||||| |||| 00| 0 eng d
100 _aRathore, Harshita
245 _aCrowdsourcing: An effective tool for strengthening democracy and enhancing governance
260 _c2014
300 _ap.366-379.
362 _aOct-Dec
650 _aPublic administration
650 _aDemocracy
650 _aCrowd sourcing
700 _aJain, Tarika
773 _aSocial Action
908 _aN
909 _a106021
999 _c106016
_d106016